Организация и ведение учебно-тренировочного процесса в мини-футболе (Запись № 10402751)

Подробности
000 -МАРКЕР
контрольное поле 01843nam0a2200373 i 4500
001 - ИДЕНТИФИКАТОР ЗАПИСИ
контрольное поле RU\NLR\BIBL_A\010857169
005 - ИДЕНТИФИКАТОР ВЕРСИИ
контрольное поле 20260408204714.0
010 ## - МЕЖДУНАРОДНЫЙ СТАНДАРТНЫЙ НОМЕР КНИГИ (ISBN)
Номер (ISBN) 9785422106578
Тираж 100
021 ## - НОМЕР ГОСУДАРСТВЕННОЙ РЕГИСТРАЦИИ
Код страны Российская Федерация
Номер 2015-66379
Номер Листа государственной регистраци 3969
021 ## - НОМЕР ГОСУДАРСТВЕННОЙ РЕГИСТРАЦИИ
Код страны Российская Федерация
Номер 2015-66379
Номер Листа государственной регистраци 4060
035 ## - ДРУГИЕ СИСТЕМНЫЕ НОМЕРА
Идентификатор записи (NILC)RuMoRGB-008008679
035 ## - ДРУГИЕ СИСТЕМНЫЕ НОМЕРА
Идентификатор записи (NLR Aleph) 010857169
100 ## - ДАННЫЕ ОБЩЕЙ ОБРАБОТКИ
Данные общей обработки 20151007d2014 k y0rusy50 ca
101 0# - ЯЗЫК РЕСУРСА
Язык текста, звукозаписи и т.д. русский
102 ## - СТРАНА ПУБЛИКАЦИИ ИЛИ ПРОИЗВОДСТВА
Страна публикации Российская Федерация
105 ## - ПОЛЕ КОДИРОВАННЫХ ДАННЫХ: ТЕКСТОВЫЕ МАТЕРИАЛЫ, МОНОГРАФИЧЕСКИЕ
Кодированные данные о монографическом текстовом документе a z 000yy
200 1# - ЗАГЛАВИЕ И СВЕДЕНИЯ ОБ ОТВЕТСТВЕННОСТИ
Основное заглавие Организация и ведение учебно-тренировочного процесса в мини-футболе
Первые сведения об ответственности В. М. Романов, С. А. Томаров
Последующие сведения об ответственности М-во образования и науки Российской Федерации, Федеральное гос. образовательное учреждение высш. проф. образования "Уфимский гос. авиационный технический ун-т"
210 ## - ПУБЛИКАЦИЯ, РАСПРОСТРАНЕНИЕ И ДР.
Место издания, распространения и т.д. Уфа
Имя издателя, распространителя и т. д. ФГБОУ ВПО "Уфимский государственный авиационный технический университет"
Дата издания, распространения и т.д. 2014
215 ## - ФИЗИЧЕСКАЯ ХАРАКТЕРИСТИКА
Специфическое обозначение материала и объем 99 с.
Другие сведения о физической характеристике ил.
Размеры 21
320 ## - ПРИМЕЧАНИЯ О НАЛИЧИИ В ДОКУМЕНТЕ БИБЛИОГРАФИИ / УКАЗАТЕЛЯ
Текст примечания Библиогр.: с. 93-95 (35 назв.)
606 ## - НАИМЕНОВАНИЕ ТЕМЫ КАК ПРЕДМЕТ
Наименование темы Мини-футбол
Тематический подзаголовок Обучение
-- Высшая школа
Системный номер авторитетной/нормативной записи 2113742
Идентификатор авторитетной/нормативной записи RU\NLR\AUTH\661580685
610 0# - НЕКОНТРОЛИРУЕМЫЕ ПРЕДМЕТНЫЕ ТЕРМИНЫ
Предметный термин физическое воспитание студентов
610 0# - НЕКОНТРОЛИРУЕМЫЕ ПРЕДМЕТНЫЕ ТЕРМИНЫ
Предметный термин мини-футбол
675 ## - УНИВЕРСАЛЬНАЯ ДЕСЯТИЧНАЯ КЛАССИФИКАЦИЯ (UDC/УДК)
Индекс 796/799
686 1# - ИНДЕКСЫ ДРУГИХ КЛАССИФИКАЦИЙ
Индекс Ч515.785
686 1# - ИНДЕКСЫ ДРУГИХ КЛАССИФИКАЦИЙ
Индекс Ч486.73
700 #1 - ИМЯ ЛИЦА - ПЕРВИЧНАЯ ОТВЕТСТВЕННОСТЬ
Графика поля Кириллица
Материалы, к которым относится поле rus
Начальный элемент ввода Романов
Часть имени, кроме начального элемента ввода В. М.
Дополнения к именам, кроме дат тренер
Расширение инициалов личного имени Владимир Михайлович
Системный номер авторитетной/нормативной записи 14018
Идентификатор авторитетной/нормативной записи RU\NLR\AUTH\7731004
701 #1 - ИМЯ ЛИЦА - АЛЬТЕРНАТИВНАЯ ОТВЕТСТВЕННОСТЬ
Начальный элемент ввода Томаров
Часть имени, кроме начального элемента ввода С. А.
Расширение инициалов личного имени Сергей Александрович
801 #0 - ИСТОЧНИК ЗАПИСИ
Страна Российская Федерация
Организация РГБ
Дата составления 20150831
Правила каталогизации RCR
942 ## - ДОПОЛНИТЕЛЬНЫЕ ЭЛЕМЕНТЫ ЗАПИСИ (АБИС)
Тип экземпляра АБИС Книга
980 ## - КОЛЛЕКЦИЯ
Название коллекции НБР

Нет доступных экземпляров.